000 00601nam a2200229Ia 4500
001 dia_1814
003 CHAP
005 20251023160620.0
008 220117s1982 xx 000 0 und d
010 _a172352
040 _cCHAP
082 _a631.5 B4
100 1 _aBerlijn, Johan D.
_911826
245 _aProtección de Cultivos.
260 _aMéxico, Sep, Trillas.
_c1982
300 _a97 p.
400 _aMANUALES PARA LA EDUCACION AGROPECUARIA, 23.
901 _a631.5 B4
902 _aM
905 _a0000001982 MX a 0000000000SPA00
942 _cLIBRO
_2ddc
999 _c172352
_d172352